Score 0/20 Timer 02:00
1 Play Today
Hint 4-Letter Words % Correct
To locate somethingFIND
96.8%
Sparrow or pigeon, e.g.BIRD
96.6%
Give someone a jobHIRE
96.2%
BlazeFIRE
96%
Relative of a rabbitHARE
95.7%
Building where money is storedBANK
95.5%
*A fee paid for late library returns*FINE
95.3%
Female horseMARE
95%
NakedBARE
95%
*Item found in all libraries*BOOK
94.4%
Hint 4-Letter Words % Correct
*Requirement for checkouts*CARD
93.9%
*Connect pages for a book*BIND
93.9%
Friend, in AustraliaMATE
93.9%
'He is the ____ of my existence'BANE
93.1%
Shakespeare, for oneBARD
92%
*Trolley for moving library holdings*CART
91.1%
ShopMART
89.8%
Slang term for getting hitBONK
89.3%
*Atlas pages*MAPS
85.3%
Former Swedish tennis great WilanderMATS
79.7%

Today's Daily Dose

Remove Ads.
Support Sporcle.
Get the best of Sporcle when you Go Orange. This ad-free experience offers more features, more stats, and more fun while also helping to support Sporcle. Thank you for becoming a member.

You're not logged in!

Compare scores with friends on all Sporcle quizzes.
OR
Log In

Show Comments

Extras

Top Quizzes Today


Score Distribution

Your Account Isn't Verified!

In order to create a playlist on Sporcle, you need to verify the email address you used during registration. Go to your Sporcle Settings to finish the process.

Report this User

Report this user for behavior that violates our Community Guidelines.

Details: